Sekai yondai bunmei : Ejiputo bunmei ten = Egyptian civilization /
Corporate Authors: ,
Format: Book
Language: Japanese
Published:
Tokoyo :
NHK Puromoshon,
2000.
Subjects:
Tags: Add Tag
Call Number: DT58.9 .S45 2000
| LEADER | 00940namaa2200241 4500 | ||
|---|---|---|---|
| 003 | OSt | ||
| 005 | 20260503133439.0 | ||
| 008 | 130303s2000 ja a bc 010 0 jpn d | ||
| 040 | |c ARCE Library | ||
| 043 | |a a-ja--- |a f-ua--- | ||
| 050 | 4 | |a DT58.9 .S45 2000 | |
| 110 | 2 | |a Tokyo Kokuritsu Hakubutsukan. | |
| 245 | 1 | 0 | |a Sekai yondai bunmei : |b Ejiputo bunmei ten = Egyptian civilization / |c [hensha Tōkyō Kokuritsi Hakubutsukan ; NHK, NHK Puromōshon]. |
| 246 | 3 | 0 | |a Ejiputo bunmei ten. |
| 264 | 1 | |a Tokoyo : |b NHK Puromoshon, |c 2000. | |
| 300 | |a 198 pages : |b chiefly color illustrations ; |c 30 cm. | ||
| 500 | |a Catalog of exhibition held at Tōkyō Kokuritsu Hakubutsukan, Aug. 2-Oct. 1, 2000 and other places, Oct. 21, 2000-July1, 2001. | ||
| 504 | |a Includes bibliographical reference (page 198) | ||
| 651 | 0 | |a Egypt |x Civilization |v Exhibitions. | |
| 710 | 2 | |a NHK Puromoshon. |9 23358 | |
| 901 | |a reviewed | ||
| 942 | |c BK |2 lcc | ||
| 999 | |c 2267 |d 2267 | ||
